00693nam a2200253 a 4500001001400000005001700014008004100031020002300072035001700095040003100112041000800143044001100151080001200162100002900174245004100203250001100244260007400255300000900329490001300338500001200351650003900363650002500402653001200427vtls00028786120241016113256.0020212s2001 xo a 000 p slo c a8080611262 (viaz.) aUKB000302262 aBAA001bslocBAA001eAACR21 aslo axocSK a885.4-11 aStanislav, Pavol,d1943-00aPožehnaný domovcPavol Stanislav a1. vyd aBratislavabVydavateľstvo Spolku slovenských spisovateľovc2001 a60 s1 aPoézia aFrontsp07aliteratúra slovenskáxpoézia07apoézia slovenská a885.4-1